Créditos y cobranzas

Bewaard in:
Bibliografische gegevens
Hoofdauteurs: Ettinger, Richard P (Auteur), Golieb, David E (Auteur)
Formaat: Boek
Taal:Spaans
Gepubliceerd in: Ciudad de México Continental 1965
Onderwerpen:
Tags: Voeg label toe
Geen labels, Wees de eerste die dit record labelt!

MARC

LEADER 00000nam a2200000 a 4500
001 UCT8914
003 CL-VaPUC
008 970326e19650000MX |||||||||||||||||spa|d
082 0 4 |a 332.742  |b ETT  |2 21 
100 0 |a Ettinger, Richard P  |e author  |9 381143 
700 0 |a Golieb, David E  |e author  |9 381144 
245 1 0 |a Créditos y cobranzas 
300 |a 460 p 
942 |c BK 
945 |d 19970326 00:00:00  |a lriquelm 
260 |a Ciudad de México  |b Continental  |c 1965 
650 0 |a Crédito  |9 256211 
650 7 |a TEORIAS DE CREDITO  |2 CL-VaPUC  |9 381145 
650 7 |a CREDITO AL CONSUMO  |2 CL-VaPUC  |9 381146 
650 0 |a Crédito comercial  |9 381105 
650 7 |a BALANCE  |2 CL-VaPUC  |9 352306 
650 0 |a Análisis financiero  |9 264523 
650 0 |a Deudor y acreedor  |9 256643 
650 7 |a COBRANZA  |2 CL-VaPUC  |9 381147 
583 |a last modification  |c 19970326 00:00:00  |k Rodrigo Vera 
999 |c 257386  |d 257384 
952 |0 0  |1 0  |4 0  |6 332_742000000000000_ETT_1965  |7 0  |8 A  |9 280807  |a BIBDER  |b BIBDER  |d 2019-11-19  |i 1816098  |o 332.742 ETT 1965  |p 1816098  |r 2023-01-25  |w 2019-11-19  |y BK  |k DER